005140000a2200193000450024500410000065000280004165000190006965000230008865100220011165300120013304100130014570000160015870000210017470000220019570000170021770000250023410000180025977300430027710aMolecular systematics of the Canidae14aSistemática molecular14aFilogenética14aTaxonomía animal 4pAmérica del Sur fCanidae0 aInglés1 aGeffen, Eli1 aGirman, Derek J.1 aKoepfli, Klaus P.1 aLau, Lisa M.1 aMarshall, Charles R.1 aWayne, Robert1 tSystematic Biology3463q622-631d1997